|
|
|
|
| LEADER |
01926njm a2200445 a 4500 |
| 001 |
000292816 |
| 003 |
CZ BrMZK |
| 005 |
20210112111833.0 |
| 008 |
950101s1991 xx f rus d |
| 028 |
0 |
3 |
|a S3K 46 487
|b Sony classical
|
| 040 |
|
|
|a BOA001
|b cze
|
| 080 |
|
|
|a 792.54(086.7)
|2 MRF
|
| 080 |
|
|
|a 782.1(47)(086.7)
|2 MRF
|
| 100 |
1 |
|
|a Glinka, Michail Ivanovič,
|d 1804-1857
|7 jn19990210242
|4 cmp
|
| 245 |
1 |
2 |
|a A life for the tsar Ivan Susanin :
|b opera in four acts and epilogue
|h [zvukový záznam] /
|c Michail Ivanovič Glinka.
|
| 260 |
|
|
|a [S.l.] :
|b Sony Classical,
|c p1991
|
| 300 |
|
|
|a 3 CD :
|b DDD ;
|c 12 cm +
|e 1 brožura (192 s.).
|
| 306 |
|
|
|a 010839
|a 010910
|a 011201
|
| 500 |
|
|
|a Nahr. 1989
|
| 500 |
|
|
|a Durata 72:01, 69:10, 68:39
|
| 500 |
|
|
|a Text a libreto v brož. vícejaz.
|
| 511 |
0 |
|
|a Boris Martinovich, bas; Alexandrina Pendachanska, soprán; Chris Merritt, tenor ... [et al.]. Sofia National Opera Chorus, sbm. Lyubomir Karoleev, Hristo Kazandjiev; Sofia Festival Orchestra, dir. Emil Tchakarov.
|
| 653 |
0 |
|
|a opery
|a ruské operní texty
|
| 700 |
1 |
|
|a Čakarov, Emil,
|d 1948-1991
|7 mzk2009512063
|4 cnd
|
| 700 |
1 |
|
|a Toczyska, Stefania,
|d 1943-
|7 mzk2009512064
|4 prf
|
| 700 |
1 |
|
|a Videv, Konstantin
|4 prf
|
| 700 |
1 |
|
|a Georgiev, Stoil
|7 mzk2009512065
|4 prf
|
| 700 |
1 |
|
|a Karoleev, Lyubomir
|4 cnd
|
| 700 |
1 |
|
|a Kazandjiev, Hristo
|4 cnd
|
| 700 |
1 |
|
|a Martinovich, Boris,
|d 1954-
|7 jx20031124121
|4 prf
|
| 700 |
1 |
|
|a Merritt, Chris,
|d 1952-
|7 pna2008467067
|4 prf
|
| 700 |
1 |
|
|a Pendachanska, Alexandrina
|4 prf
|
| 700 |
1 |
|
|a Popov, Mincho
|7 mzk2009512062
|4 prf
|
| 710 |
2 |
|
|a Sofia National Opera Chorus
|4 prf
|
| 710 |
2 |
|
|a Sofijski festivalen orkestăr
|7 mzk2008451431
|4 prf
|
| 765 |
0 |
|
|t Žizn' za carja (Ivan Susanin)
|
| 910 |
|
|
|a BOA001
|b CD-0002.171
|
| 964 |
|
|
|a Opery
|x texty ruské
|x CD
|
| 990 |
|
|
|a AV
|
| 996 |
6 |
|
|b 261H002203
|c CD-0002.171
|l MZK
|r Sklad / do 24 hodin
|n 0
|w 000292816
|u 000010
|a 1
|e BOA001
|j MZK50
|s P
|